000 00583npc a2200205Ia 4500
001 dp2-202 [d000000092]
003 IT-MiCISF
008 161014s9999||||xx | und||
040 _aIT-MiCISF
_cIT-MiCISF
041 _ait
100 _aAA.VV.
245 0 _aLa riconciliazione e la penitenza
_bnella missione della Chiesa
250 _a1a ed.
260 _aBologna
_bDehoniane
_c1987
300 _ap. 47
500 _aSinodo dei vescovi / pastorale, religione, cristianesimo, pastorale-sacramenti /
650 _apastorale
942 _cDD
957 _71
999 _a202
_bsi
_g1
_c206896
_d206896